Derecho Romano (Registro nro. 6838)

Detalles MARC
000 -LEADER
fixed length control field 00614 a2200217 4500
001 - CONTROL NUMBER
control field 59910
005 - DATE AND TIME OF LATEST TRANSACTION
control field 20260407155852.0
008 - FIXED-LENGTH DATA ELEMENTS--GENERAL INFORMATION
fixed length control field 260407a1958 arg spa d
003 - CONTROL NUMBER IDENTIFIER
control field AR-UNSa-BCEJYS
040 ## - CATALOGING SOURCE
Original cataloging agency AR-UNSa-BCEJYS
Language of cataloging spa
Transcribing agency AR-UNSa-BCEJYS
080 ## - UNIVERSAL DECIMAL CLASSIFICATION NUMBER
Universal Decimal Classification number 34(37)
Common auxiliary subdivision Derecho Romano
041 ## - LANGUAGE CODE
Language code of text/sound track or separate title spa
100 1# - MAIN ENTRY--PERSONAL NAME
Personal name Iglesias, Juan
245 10 - TITLE STATEMENT
Title Derecho Romano
Name of part/section of a work Instituciones de derecho privado
250 ## - EDITION STATEMENT
Edition statement 6a. ed.
264 #1 - PRODUCTION, PUBLICATION, DISTRIBUTION, MANUFACTURE, AND COPYRIGHT NOTICE
Place of production, publication, distribution, manufacture Barcelona :
Name of producer, publisher, distributor, manufacturer Ediciones Ariel
Date of production, publication, distribution, manufacture, or copyright notice 1958
300 ## - PHYSICAL DESCRIPTION
Extent xxii, 752 p.
Dimensions 22 cm.
505 ## - FORMATTED CONTENTS NOTE
Formatted contents note Libro Primero: Parte General -
590 ## - LOCAL NOTE (RLIN)
Local note niveau_biblio:m niveau_hierar:0
942 ## - ADDED ENTRY ELEMENTS (KOHA)
Koha item type
Existencias
Withdrawn status Lost status Damaged status Not for loan Home library Current library Shelving location Date acquired Total checkouts Full call number Barcode Date last seen Price effective from Koha item type
        Biblioteca Prof. Eusebio Cleto del Rey Biblioteca Prof. Eusebio Cleto del Rey   07/04/2026   34(37) I24 6ed. L53237 07/04/2026 07/04/2026 Libro